Army of Shadows

Bibliographic Details
Main Author: Kudry, Margita (Author)
Other Authors: Rusnaková, Lenka (Translator)
Format: Book
Language:English
Slovak
PhysicalDescription:282 strán 21 cm
Published: [Nitra] [Margita Kudry] 2019
ISBN:9788097177447
Edition:First edition
Subjects:

MARC

LEADER 00000cam a2200000 4500
001 vtls012153439
003 SK-MaSNL
005 20260301105410.0
008 221103s2019 xo g 000 f eng
015 |a SNBA2023/03 
020 |a 9788097177447  |q (brožované)  |z 9788097177423 
040 |a SNK  |b slo  |c SNK  |e rda 
041 1 |a eng  |h slo 
044 |a xo  |c SK 
072 7 |a 821.162.4-3  |x Slovenská próza  |2 konspekt 
080 |a 821.162.4-31  |2 2011 
080 |a 82-312.9  |2 2011 
100 1 |a Kudry, Margita  |4 aut  |9 218430 
240 1 0 |a Vojna vrán  |p armáda tieňov  |l Anglicky 
245 1 4 |a Army of Shadows  |c Margita Kudry 
250 |a First edition 
264 1 |a [Nitra]  |b [Margita Kudry]  |c 2019 
300 |a 282 strán  |c 21 cm 
336 |a text  |b txt  |2 rdacontent 
337 |a bez média  |b n  |2 rdamedia 
338 |a zväzok  |b nc  |2 rdacarrier 
500 |a Vydavateľské údaje podľa NA ISBN 
500 |a Chybné ISBN na zadnej strane obálky, správne má byť 9788097177447 
500 |a Pravdepodobne preložila zo slovenčiny Lenka Rusnaková 
500 |a Názov originálu z externého zdroja 
655 7 |a slovenské romány  |2 SNKPH  |9 70324 
655 7 |a fantasy romány  |2 SNKPH  |9 121434 
655 7 |a Slovak fiction  |2 SNKPHeng  |9 277096 
655 7 |a Fantasy novels  |2 SNKPHeng  |9 248525 
700 1 |a Rusnaková, Lenka  |4 trl  |9 445634 
787 0 8 |i Zo série:  |t The Crow War  |g 1 
919 |a 978-80-971774-4-7 
954 |a beletria pôvodná (slovenská)  |2 lita 
958 |a LX 
958 |a UP 
964 9 |a Margita Kudry (Nitra, Slovensko) 
968 |b SLO 
999 |c 700749  |d 702679 
952 |a SNK  |b SNK  |y PREZ  |7 0  |p 17A1514844  |o snkSC 199783  |i snk2022/16705  |8 0  |0 0  |1 0  |4 0  |d 2022-11-03  |l 0  |r 2025-10-22 00:00:00  |w 2026-02-23